000 00565nam a22002057a 4500
003 DO-SdBNP
005 20220207094256.0
007 ta
008 220207b2019 ||||| |||| 00| 0 spa d
020 _a9789945610222
040 _aDO-SdBNP
_bspa
_cBNPHU
082 _aF-
_bM524I
245 _aIdeario de Mella /
_cLeonor Tejada, comp. y anotado
260 _aSanto Domingo :
_bInstituto Duartiano,
_c2019
300 _a53 p. ;
_c15 cm
590 _aInventariado, 2022 / DG
600 _aMella, Ramón Matías
_d1816-1864
_981140
910 _aDG
942 _2ddc
_cLBS1
999 _c51356
_d51356